Pretty Little Liars Characters - Statistics

General Stats
  • This quiz has been taken 602 times
  • The average score is 38 of 48
Answer Stats
% Correct
Liar Aria
98%
Liar Spencer
97%
Relationship Ezra
96%
Aria's brother Mike
96%
Liar Alison
95%
Liar Hanna
95%
Spencer's half brother Jason
95%
Brother of Alison Jason
95%
Spencer's sister Melissa
95%
Relationship Toby
95%
Aria's mother Ella
94%
Liar Emily
94%
Relationship Caleb
93%
Mother of Hanna Ashley
91%
Aria's father Byron
91%
A Mona
91%
Girl who was blinded Jenna
90%
Relationship Maya
89%
Spencer's mother Veronica
89%
Cousin of Alison Cece
88%
A Cece
88%
Relationship Paige
88%
Mother of Emily Pam
87%
Step-sister of Hanna Kate
84%
Spencer's father Peter
82%
Father of Hanna Tom
81%
Mother of Alison Jessica
80%
Relationship (brief) Wren
80%
Relationship (brief) Noel
79%
Relationship (brief) Alex
75%
Relationship (brief) Jake
74%
Relationship Sean
74%
Killed in the theatre by Aria Shana
73%
Maya's killer Lyndon
72%
Pastor dating Ashley Marin Ted
71%
Father of Emily Wayne
71%
Corrupt police officer Wilden
71%
Relationship (brief) Ian
68%
Friend of Hanna Lucas
67%
Therapist for the Liars Anne
64%
Step-mother of Hanna Isabel
64%
Father of Alison Ken
64%
Relationship (brief) Samara
58%
Relationship (brief) Travis
53%
Framed for Maya's muder Garrett
49%
Nurse at Radley Eddie
43%
Relationship (brief) Sara
40%
Relationship (brief) Talia
35%
No matching quizzes found
Score Distribution
Percent of People with Each Score
Percentile by Number Answered
Your Score History
You have not taken this quiz